Feature Engineering and Selection <A> Practical Approach for Predictive Models
Saved in:
| Main Author: | |
|---|---|
| Other Authors: | |
| Format: | Book |
| Language: | English |
| Published: |
Boca Raton
CRC Press/Taylor & Francis Group
2020
|
| Series: | Data Science Series
|
| Subjects: | |
| Tags: |
No Tags, Be the first to tag this record!
|
MARC
| LEADER | 00000nam a2200000 4500 | ||
|---|---|---|---|
| 001 | 0279689 | ||
| 005 | 20240417073812.4 | ||
| 020 | |a 978-1-03-209085-6 | ||
| 020 | |a 978-1-138-07922-9 | ||
| 041 | 0 | |a eng | |
| 044 | |a US | ||
| 245 | 1 | 0 | |a Feature Engineering and Selection |b <A> Practical Approach for Predictive Models |c Max Kuhn, Kjell Johnson |
| 264 | 1 | |a Boca Raton |b CRC Press/Taylor & Francis Group |c 2020 | |
| 300 | |a 297 s. | ||
| 490 | 1 | |a Data Science Series | |
| 830 | 0 | |a Data Science Series | |
| 610 | 2 | 0 | |a inžinierstvo softvérové |
| 610 | 2 | 0 | |a modely prognostické |
| 610 | 2 | 0 | |a modely matematicko-štatistické |
| 610 | 2 | 0 | |a modelovanie ekonometrické |
| 610 | 2 | 0 | |a prezentácia |
| 610 | 2 | 0 | |a spracovanie dát |
| 100 | 1 | |a Kuhn, Max | |
| 700 | 1 | |a Johnson, Kjell | |